00987nam a2200205 a 450000100100000000500170001000800410002704000250006808200160009311000720010924502870018126000370046830000200050549000280052550400270055370000350058083000350061595201140065099900170076400002983420200930055837.0110415s2000 dr 000 0 spa d aDO-SdBNPbspacBNPHU axxxbC3978a2 aCentro Nacional de Investigaciones en Salud Materno Infantil95575710aInfección por VIH y el síndrome de inmunodeficiencia adquirida como problema de salud materno infantil en la República Dominicna :bsituación actual, perspectivas futuras y papel de los micronutrientes en el progreso de la infección VIH a SIDA /ceditor Eddy Pérez Then. aSanto Domingo :bCENISMI,c2000. a15 p. ;c28 cm.1 aReuniones técnicasv1 aBibliografía : p. 151 aPérez Then, Eddyeed.956028 0aReuniones técnicasv1955759 0010718PDaPDbPDcCTd2011-04-26iLF1l0oxxx C3978ap29834-10r2020-06-25w2020-06-25yLFPDZNo se presta c29326d29326